Shaq or Steph? - Statistics

General Stats
  • This quiz has been taken 16 times
  • The average score is 13 of 15
Answer Stats
Hint Answer % Correct
Hosts a TV show Shaq
100%
Played for the lakers Shaq
100%
Is close with Charles Barkley Shaq
100%
Is above 7 ft tall Shaq
100%
Has the most three pointers Steph
100%
Is still a current player Steph
100%
Has only played for one team Steph
100%
Only unanimous MVP vote Steph
92%
7th pick in NBA draft Steph
92%
2 Time MVP Steph
85%
Was born in New Jersey Shaq
77%
First pick in NBA draft Shaq
77%
Has a brother that is in basketball Steph
77%
Is a big golf fan Steph
77%
Has a 58% shooting average Shaq
38%
No matching quizzes found
Score Distribution
Percent of People with Each Score
Percentile by Number Answered
Your Score History
You have not taken this quiz